Se llamaba S.N.

Kaydedildi:
Detaylı Bibliyografya
Yazar: Abreu, José Vicente
Materyal Türü: Kitap
Dil:Undetermined
Baskı/Yayın Bilgisi: Caracas, Venezuela Monte Ávila 1972
Edisyon:4
Konular:
Etiketler: Etiketle
Etiket eklenmemiş, İlk siz ekleyin!

MARC

LEADER 00000nam a2200000Ia 4500
008 170316s9999 xx 000 0 und d
040 |a cru BVZT 
090 |a 860 A-1s 
100 |a Abreu, José Vicente  |9 1017 
245 |a Se llamaba S.N.  |c /José Vicente Abreu 
250 |a 4 
260 |a Caracas, Venezuela  |b Monte Ávila  |c 1972 
300 |a 166 páginas 
650 |a LITERATURA LATINOAMERICANA  |9 15 
999 |c 8308  |d 8308 
942 |c 15 D  |h 860 A-1s  |2 z